Piłkarze Manchester'u United - Statystyki

Ogólne statystyki
  • Ten quiz został rozwiązany 1 013 razy
    236 od ostatniego zresetowania
  • Średni wynik to 19 z 26
Statystyki odpowiedzi
Piłkarz Państwo Pozycja % Poprawnych
Bruno Fernandes Portugalia Pomocnik
92%
Benjamin Sesko Słowenia Napastnik
91%
Casemiro Brazylia Pomocnik
90%
Lisandro Martínez Argentyna Obrońca
87%
Harry Maguire Anglia Obrońca
84%
Luke Shaw Anglia Obrońca
84%
Diogo Dalot Portugalia Obrońca
83%
Matheus Cunha Brazylia Napastnik
83%
Bryan Mbeumo Kamerun Napastnik
82%
Leny Yoro Francja Obrońca
81%
Manuel Ugarte Urugwaj Pomocnik
81%
Senne Lammens Belgia Bramkarz
81%
Amad Diallo WKS Napastnik
80%
Matthijs de Ligt Holandia Obrońca
78%
Noussair Mazraoui Maroko Obrońca
78%
Patrick Dorgu Dania Obrońca
77%
Kobbie Mainoo Anglia Pomocnik
76%
Joshua Zirkzee Holandia Napastnik
73%
Altay Bayındır Turcja Bramkarz
71%
Tom Heaton Anglia Bramkarz
69%
Mason Mount Anglia Pomocnik
65%
Ayden Heaven Anglia Obrońca
60%
Chido Obi Dania Napastnik
51%
Diego León Paragwaj Obrońca
51%
Tyrell Malacia Holandia Obrońca
51%
Tyler Fredricson Anglia Obrońca
19%
Nie znaleziono quizów pasujących do podanych kryteriów
Rozkład punktacji
Procent ludzi z każdym wynikiem
Percentyl według liczby udzielonych odpowiedzi
Twoja historia wyników
Nie rozwiązałeś tego quizu od ostatniego zresetowania